banner koha

Prevenção da circovirose suína pelo uso do plasma suíno ultrafiltrado produzido por "Spray Dried" (Registro n. 295962)

MARC details
000 -LÍDER
campo de controle de tamanho fixo 01160nac a22003857a 4500
001 - NÚMERO DE CONTROLE
campo de controle BR0803138
003 - IDENTIFICADOR DO NÚMERO DE CONTROLE
campo de controle BR-BrBNA
005 - DATA E HORÁRIO DA ÚLTIMA TRANSAÇÃO
campo de controle 20240105123541.0
008 - CAMPO DE DADOS FIXOS--INFORMAÇÃO GERAL
campo de controle de tamanho fixo 230509b bl.|||m| |||| 00| 0 por d
040 ## - FONTE DA CATALOGAÇÃO
Instituição da catalogação original BR-BrBNA
Idioma da catalogação por
Instituição que transcreveu o registro Biblioteca Nacional de Agricultura
072 ## - CÓDIGO DE CATEGORIA DE ASSUNTO
Código de Categoria de Assunto L73
090 ## - NÚMERO DE CHAMADA LOCAL
Número de chamada 5300 BR0803138
100 1# - ENTRADA PRINCIPAL--NOME PESSOAL
Nome pessoal Morés, N.
100 1# - ENTRADA PRINCIPAL--NOME PESSOAL
Nome pessoal Ciacci-Zanella, J.R.
100 1# - ENTRADA PRINCIPAL--NOME PESSOAL
Nome pessoal Amaral, A.L. do
100 1# - ENTRADA PRINCIPAL--NOME PESSOAL
Nome pessoal Coldebella, A.
100 1# - ENTRADA PRINCIPAL--NOME PESSOAL
Nome pessoal Lima, G.J.M.M. de
100 1# - ENTRADA PRINCIPAL--NOME PESSOAL
Nome pessoal Zanella, E.
100 1# - ENTRADA PRINCIPAL--NOME PESSOAL
Nome pessoal Lima, E.S. de
100 1# - ENTRADA PRINCIPAL--NOME PESSOAL
Nome pessoal Rangel, L.F.S.
100 1# - ENTRADA PRINCIPAL--NOME PESSOAL
Nome pessoal Zancanaro, M.
100 1# - ENTRADA PRINCIPAL--NOME PESSOAL
Nome pessoal Gava, D.
110 1# - ENTRADA PRINCIPAL--NOME CORPORATIVO
Nome corporativo ou nome da jurisdição EMBRAPA Suínos e Aves, Concórdia, SC (Brasil)
245 1# - TÍTULO
Título Prevenção da circovirose suína pelo uso do plasma suíno ultrafiltrado produzido por "Spray Dried"
260 3# - PUBLICAÇÃO, DISTRIBUIÇÃO, ETC.
Local de publicação, distribuição, etc. Concórdia, SC (Brasil):
Data da publicação, distribuição, etc. 2007.
300 ## - DESCRIÇÃO FÍSICA
Extensão 6 p.
490 ## - TÍTULO DA SÉRIE
Título da série Comunicado Técnico - EMBRAPA Suínos e Aves (Brazil)
Número do volume ou designação sequencial da série no. 456
ISSN - International Standard Serial Number ISSN 0100-8862
500 ## - NOTA GERAL
Nota geral 13 ref.
650 ## - ASSUNTO--TERMO TÓPICO
Cabeçalho tópico ou nome geográfico SUÍNO
650 ## - ASSUNTO--TERMO TÓPICO
Cabeçalho tópico ou nome geográfico VÍRUS
650 ## - ASSUNTO--TERMO TÓPICO
Cabeçalho tópico ou nome geográfico DIAGNÓSTICO
650 ## - ASSUNTO--TERMO TÓPICO
Cabeçalho tópico ou nome geográfico ERRADICAÇÃO
909 ## -
-- 202312
-- Lúcia Elande
-- 55
-- Lúcia Elande
942 ## - ELEMENTOS DE ENTRADA ADICIONADOS (KOHA)
Fonte da classificação ou esquema de arquivamento na estante Classificação AGRIS
Ocultar no OPAC Não
Tipo de material Koha Monografia Seriada
Exemplares
Situação do descarte Fonte da classificação ou esquema de arquivamento na estante Situação física Não pode ser emprestado Coleção Biblioteca de origem Biblioteca atual Localização na estante Total de empréstimos Número de telefone completo Código de barras Data de último acesso Tipo de material Koha Fonte de aquisição
  Classificação AGRIS       Biblioteca Nacional de Agricultura - Binagri Biblioteca Nacional de Agricultura - Binagri Agrobase - Acervo Geral   5300 BR0803138 5300 BR0803138 18/12/2023 Monografia Seriada Portaria Interministerial nº 164/94

BINAGRI

Telefone: (61)3218-2567/2388/3357/2097 - binagri@agro.gov.br

Ministério da Agricultura e Pecuária , Esplanada dos Ministérios, Bloco D, Anexo B, Brasília/DF, CEP: 70.043-900